Patterns of culture

Đã lưu trong:
书目详细资料
主要作者: Ruth Benedict
格式: 图书
语言:Undetermined
出版: New York Penguin Books 1934
主题:
标签: 添加标签
没有标签, 成为第一个标记此记录!
Thư viện lưu trữ: Trung tâm Học liệu Trường Đại học Cần Thơ
LEADER 00449nam a2200181Ia 4500
001 CTU_90672
008 210402s9999 xx 000 0 und d
082 |a 572 
082 |b B461 
100 |a Ruth Benedict 
245 0 |a Patterns of culture 
245 0 |c Ruth Benedict 
260 |a New York 
260 |b Penguin Books 
260 |c 1934 
650 |a culture 
904 |i Ngọc Loan 
980 |a Trung tâm Học liệu Trường Đại học Cần Thơ